Casebook on Contract Law / (Record no. 5289)

MARC details
000 -LEADER
fixed length control field 00678nam a22001937a 4500
008 - FIXED-LENGTH DATA ELEMENTS--GENERAL INFORMATION
fixed length control field 130301t xxu||||| |||| 00| 0 eng d
020 ## - INTERNATIONAL STANDARD BOOK NUMBER
International Standard Book Number 9-780`-9957-4780
082 ## - DEWEY DECIMAL CLASSIFICATION NUMBER
Edition number 22 ed.
Classification number 346.02
Item number POO
100 ## - MAIN ENTRY--PERSONAL NAME
Personal name Poole,Jill
9 (RLIN) 6966
245 ## - TITLE STATEMENT
Title Casebook on Contract Law /
Statement of responsibility, etc Jill Poole
250 ## - EDITION STATEMENT
Edition statement 10 ed
260 ## - PUBLICATION, DISTRIBUTION, ETC. (IMPRINT)
Place of publication, distribution, etc USA :
Name of publisher, distributor, etc Oxford University press
Date of publication, distribution, etc 2011
300 ## - PHYSICAL DESCRIPTION
Extent xlii, 781 P. ;
Dimensions 24 cm.
500 ## - GENERAL NOTE
General note Includes Index
650 ## - SUBJECT ADDED ENTRY--TOPICAL TERM
Topical term or geographic name as entry element Contract Law
9 (RLIN) 6967
650 ## - SUBJECT ADDED ENTRY--TOPICAL TERM
Topical term or geographic name as entry element Casebook on Contract Law
9 (RLIN) 6968
942 ## - ADDED ENTRY ELEMENTS (KOHA)
Source of classification or shelving scheme Dewey Decimal Classification
Item type Books
Holdings
Withdrawn status Lost status Source of classification or shelving scheme Damaged status Not for loan Home library Current library Shelving location Date acquired Total Checkouts Full call number Barcode Date last seen Copy number Price effective from Koha item type Public note
    Dewey Decimal Classification     Law Development Centre Main Library Law Development Centre Main Library Text Books and Laws 03/01/2013   346.02 POO 4301/2013 03/01/2013 1 03/01/2013 Books Reserve